Психологические основы управления: учебное пособие

Podrobná bibliografie
Hlavní autor: Райзберг Б. А. Борис Абрамович
Další autoři: Тугунджян А. К. Агаси Корюнович
Shrnutí:Рассматривается психология управленческой деятельности на всех уровнях — от управления предприятием до государственного управления. Благодаря такому подходу читатель получает целостное представление о связи управления с психологией во всех звеньях иерархической системы руководства. Для студентов вузов, обучающихся по специальностям экономики и управления (060000), а также руководителей, менеджеров и экономистов различных уровней.
Jazyk:ruština
Vydáno: Москва, ЮНИТИ, 2005
Témata:
Médium: MixedMaterials Kniha
KOHA link:https://koha.lib.tpu.ru/cgi-bin/koha/opac-detail.pl?biblionumber=113800

MARC

LEADER 00000nam0a2200000 4500
001 113800
005 20231031122022.0
010 |a 5238008678 
035 |a (RuTPU)RU\TPU\book\123063 
090 |a 113800 
100 |a 20070416d2005 m y0rusy50 ca 
101 0 |a rus 
102 |a RU 
105 |a y j 001zy 
200 1 |a Психологические основы управления  |e учебное пособие  |f Б. А. Райзберг, А. К. Тугунджян 
210 |a Москва  |c ЮНИТИ  |d 2005 
215 |a 240 с. 
320 |a Библиогр.: с. 237. 
330 |a Рассматривается психология управленческой деятельности на всех уровнях — от управления предприятием до государственного управления. Благодаря такому подходу читатель получает целостное представление о связи управления с психологией во всех звеньях иерархической системы руководства. Для студентов вузов, обучающихся по специальностям экономики и управления (060000), а также руководителей, менеджеров и экономистов различных уровней. 
610 1 |a психология 
610 1 |a управление 
610 1 |a методы 
610 1 |a управленческие решения 
610 1 |a психология власти 
610 1 |a противостояние 
610 1 |a противоборство 
686 |a Ю954я73  |v LBC/SL-A  |2 rubbk 
700 1 |a Райзберг  |b Б. А.  |g Борис Абрамович 
701 1 |a Тугунджян  |b А. К.  |g Агаси Корюнович 
801 1 |a RU  |b 63413507  |c 20070416  |g PSBO 
801 2 |a RU  |b 63413507  |c 20120604  |g PSBO 
900 |a Психологические основы социального менеджмента 
900 |a Психология менеджмента 
900 |a Психология управления 
942 |c BK 
954 |b 080000 
959 |a 29/20070323  |d 1  |e 100,00  |f ЧЗГЛ:1